Women in ministry : (Registro nro. 27809)

Detalles MARC
000 -LEADER
campo de control de longitud fija 04687cam a22006734i 4500
003 - IDENTIFICADOR DE NÚMERO DE CONTROL
campo de control PE-LiUPU
005 - FECHA Y HORA DE LA ÚLTIMA TRANSACCIÓN
campo de control 20250731173057.0
008 - DATOS DE LONGITUD FIJA--INFORMACIÓN GENERAL
campo de control de longitud fija 150623s1998 xxu rb 000 0 eng d
020 ## - NÚMERO INTERNACIONAL ESTÁNDAR DEL LIBRO
Número Internacional Estándar del Libro 1883925223
Información calificativa (tapa rústica)
020 ## - NÚMERO INTERNACIONAL ESTÁNDAR DEL LIBRO
Número Internacional Estándar del Libro 9781883925222
Información calificativa (tapa rústica)
035 ## - NÚMERO DE CONTROL DEL SISTEMA
Número de control de sistema (Sirsi) i9781883925222
035 ## - NÚMERO DE CONTROL DEL SISTEMA
Número de control de sistema (Sirsi) i9781883925222
040 ## - FUENTE DE CATALOGACIÓN
Centro catalogador/agencia de origen PE-LiUPU
Lengua de catalogación spa
Centro/agencia transcriptor PE-LiUPU
Normas de descripción rda
049 ## - FONDOS LOCALES (OCLC)
Biblioteca depositaria PRUA
050 ## - SIGNATURA TOPOGRÁFICA DE LA BIBLIOTECA DEL CONGRESO
Número de clasificación BV676
Número de ítem .W66 1998
082 04 - NÚMERO DE LA CLASIFICACIÓN DECIMAL DEWEY
Número de clasificación 262.14
Cutter W95
Número de edición 21
082 04 - NÚMERO DE LA CLASIFICACIÓN DECIMAL DEWEY
Número de clasificación 262.14
Cutter W95 1998
082 04 - NÚMERO DE LA CLASIFICACIÓN DECIMAL DEWEY
Número de clasificación 262.146732
Cutter V99
Número de edición 21
245 00 - MENCIÓN DEL TÍTULO
Título Women in ministry :
Resto del título iblical and historical perspectives /
Mención de responsabilidad, etc. Special Committee, SDA Theological Seminary ; editor, Nancy Vyhmeister.
264 #1 - PRODUCCIÓN, PUBLICACIÓN, DISTRIBUCIÓN, FABRICACIÓN Y COPYRIGHT
Producción, publicación, distribución, fabricación y copyright Berrien Spring, MI :
Nombre del de productor, editor, distribuidor, fabricante Andrews University Press,
Fecha de producción, publicación, distribución, fabricación o copyright 1998.
300 ## - DESCRIPCIÓN FÍSICA
Extensión 439 páginas :
Otras características físicas ilustraciones, gráficos ;
Dimensiones 23 centímetros
336 ## - TIPO DE CONTENIDO
Término de tipo de contenido text
Fuente rdacontent
337 ## - TIPO DE MEDIO
Nombre/término del tipo de medio unmediated
Fuente rdamedia
338 ## - TIPO DE SOPORTE
Nombre/término del tipo de soporte volume
Fuente rdacarrier
504 ## - NOTA DE BIBLIOGRAFÍA, ETC.
Nota de bibliografía, etc. Incluye bibliografía.
505 0# - NOTA DE CONTENIDO CON FORMATO
Nota de contenido con formato Ministry in tThe priesthood of all believers / Raoul Dederen -- Women priests in Israel : a case for their absence / Jacques B. Doukhan -- Shapes of ministry in the New Testament and early church / Robert M. Johnston -- Laying on of hands in ordination : a biblical study / Keith Mattingly -- Clerical authority and ordination in the early Christian church / Daniel A. Augsburger -- Early Seventh-day Adventists and ordination, 1844-1863 / George R. Knight -- Ordination in the writings of Ellen G. White / J.H. Denis Fortin -- A theological understanding of ordination / Russell L. Staples -- Women in Scripture : a survey and evaluation / Jo Ann Davidson -- "A power that exceeds that of men" : Ellen G. White on women in ministry / Jerry Moon -- Nineteenth-century women in adventist ministry against the backdrop of their times / Michael Bernoi -- SDA women in ministry, 1970-1998 / Randal R. Wisbey -- Headship, submission, and equality in Scripture / Richard M. Davidson -- Equality, headship, and submission in the writings of Ellen G. White / Peter M. van Bemmelen -- How does a woman prophesy and keep silence at the same time? (1 Corinthians 11 and 14) / W. Larry Richards -- Proper church behavior in 1 Timothy 2:8-15 / Nancy Jean Vyhmeister -- Ellen White and women's rights / Alicia A. Worley -- The distance and the difference : reflections on issues of slavery and women's ordination in adventism / Walter B.T. Douglas -- The ordination of women in light of the character of God / Roger L. Dudley -- Culture and biblical understanding in a world church / Jon L. Dybdahl.
526 ## - NOTA DE INFORMACIÓN SOBRE EL PROGRAMA DE ESTUDIO
Nombre del programa Segunda Especialidad En Profecías Bíblicas
526 ## - NOTA DE INFORMACIÓN SOBRE EL PROGRAMA DE ESTUDIO
Nombre del programa Segunda Especialidad En Nuevo Testamento
526 ## - NOTA DE INFORMACIÓN SOBRE EL PROGRAMA DE ESTUDIO
Nombre del programa Segunda Especialidad En Antiguo Testamento
526 ## - NOTA DE INFORMACIÓN SOBRE EL PROGRAMA DE ESTUDIO
Nombre del programa Segunda Especialidad En Estudios Adventistas
526 ## - NOTA DE INFORMACIÓN SOBRE EL PROGRAMA DE ESTUDIO
Nombre del programa Doctorado en teología
526 ## - NOTA DE INFORMACIÓN SOBRE EL PROGRAMA DE ESTUDIO
Nombre del programa Maestría en teología histórica
526 ## - NOTA DE INFORMACIÓN SOBRE EL PROGRAMA DE ESTUDIO
Nombre del programa Maestría en teología bíblica
526 ## - NOTA DE INFORMACIÓN SOBRE EL PROGRAMA DE ESTUDIO
Nombre del programa Maestría en teología
526 ## - NOTA DE INFORMACIÓN SOBRE EL PROGRAMA DE ESTUDIO
Nombre del programa Maestría en misionología
526 ## - NOTA DE INFORMACIÓN SOBRE EL PROGRAMA DE ESTUDIO
Nombre del programa Maestría en liderazgo eclesiástico
526 ## - NOTA DE INFORMACIÓN SOBRE EL PROGRAMA DE ESTUDIO
Nombre del programa Teología
596 ## -
-- 1 2 4
650 04 - PUNTO DE ACCESO ADICIONAL DE MATERIA--TÉRMINO DE MATERIA
Término de materia o nombre geográfico como elemento de entrada Ordenación de la mujer
Subdivisión general IASD.
650 04 - PUNTO DE ACCESO ADICIONAL DE MATERIA--TÉRMINO DE MATERIA
Término de materia o nombre geográfico como elemento de entrada Ordienación
Subdivisión general IASD.
700 1# - ENTRADA AGREGADA--NOMBRE PERSONAL
Nombre de persona Vyhmeister, Nancy,
Término indicativo de función/relación ed.
942 ## - ELEMENTOS DE ENTRADA SECUNDARIOS (KOHA)
Fuente del sistema de clasificación o colocación Clasificación Decimal Dewey
Tipo de ítem Koha
949 ## - PROCESAMIENTO DE INFORMACIÓN LOCAL (OCLC)
a 262.14 W95
w DEWEY
c 1
i 48122
l CCODEBUL1
m BUL
r 0
s Y
t BOOK
u 2015-6-24
x TEOLOGIA
-- P35
0 COMPRA
o .STAFF. Colección General
949 ## - PROCESAMIENTO DE INFORMACIÓN LOCAL (OCLC)
a 262.14 W95
w DEWEY
c 2
i 48638
l CCODEBUL1
m BUL
r 0
s Y
t BOOK
u 2015-6-24
x TEOLOGIA
-- P35
0 COMPRA
o .STAFF. Colección General
949 ## - PROCESAMIENTO DE INFORMACIÓN LOCAL (OCLC)
a 262.14 W95
w DEWEY
c 3
i 50760
l CCODEBUL1
m BUL
r 0
s Y
t BOOK
u 2015-6-24
x TEOLOGIA
-- P35
0 COMPRA
o .STAFF. Colección General
949 ## - PROCESAMIENTO DE INFORMACIÓN LOCAL (OCLC)
a BV676 .W66 1998
w DEWEY
c 1
i 67199
l CIW
-- CCODEBUL1
m BUL
r 1
s Y
t BOOK
u 2016-8-11
x WHITE
z UNKNOWN
0 COMPRA
o .STAFF. Centro White
949 ## - PROCESAMIENTO DE INFORMACIÓN LOCAL (OCLC)
a 262.14 W95 1998
w DEWEY
c 1
i FT01293
l CCODEBUT1
m BUT
p {Dolar}35.00
r 0
s Y
t BOOK
u 2018-06-25
x BIBLIOTECA
z UNKNOWN
o .STAFF. Colección General Tarapoto
994 ## -
-- C0
-- PEPRU
999 ## - NÚMEROS DE CONTROL DE SISTEMA (KOHA)
-- DEWEY
-- 48122
-- 2021-11-10
-- 5
-- CCODEBUL1
-- BUL
-- 1
-- 0
-- Y
-- BOOK
-- 2015-6-24
-- TEOLOGIA
-- P35
-- COMPRA
-- .STAFF. Colección General
999 ## - NÚMEROS DE CONTROL DE SISTEMA (KOHA)
-- DEWEY
-- 48638
-- LOST
-- BUL
-- 1
-- Y
-- BOOK
-- 2015-6-24
-- TEOLOGIA
-- P35
-- COMPRA
-- .STAFF. Colección General
999 ## - NÚMEROS DE CONTROL DE SISTEMA (KOHA)
-- DEWEY
-- 50760
-- 2021-11-10
-- 5
-- CCODEBUL1
-- BUL
-- 1
-- 0
-- Y
-- BOOK
-- 2015-6-24
-- TEOLOGIA
-- P35
-- COMPRA
-- .STAFF. Colección General
999 ## - NÚMEROS DE CONTROL DE SISTEMA (KOHA)
-- DEWEY
-- CW67199
-- 2021-12-22
-- 2
-- CCODECWL1
-- BWL
-- 10.00
-- 1
-- Y
-- BOOK
-- 2016-8-11
-- WHITE
-- UNKNOWN
-- COMPRA
-- .STAFF. Centro White
999 ## - NÚMEROS DE CONTROL DE SISTEMA (KOHA)
-- DEWEY
-- FT01293
-- 2019-2-20
-- 1
-- CCODEBUT1
-- BUT
-- 35.00
-- 0
-- Y
-- BOOK
-- 2018-6-25
-- BIBLIOTECA
-- UNKNOWN
-- COMPRA
-- .STAFF. Colección General Tarapoto
980 ## - EQUIVALENCIA O REFERENCIA-CRUZADA-MENCIÓN DE SERIE--NOMBRE DE PERSONA/TÍTULO [LOCAL, CANADÁ]
ID del último usuario que modificó el registro 1
Nombre del último usuario que modificó el registro ALBERTO SANCHEZ Responsable de Automatización
Existencias
Visto por última vez Número de inventario Total de préstamos Signatura topográfica completa Código de barras Copia número Coste, precio de reemplazo Fecha de reemplazo Facultad Tipo de ítem Koha Nota pública Estado de pérdida Fuente del sistema de clasificación o colocación Restricciones de uso No para préstamo Colección Programa académico Biblioteca de origen Biblioteca actual Ubicación en estantería Fecha de adquisición Fuente de adquisición Coste, precio normal de compra
2025-12-02 6   262.14 W95 48122 e1 15.00 2015-06-24   Libros físicos inventario-2023-12-13 No Perdido Clasificación Decimal Dewey No restringido Disponible para préstamos Colección General Teología Biblioteca CRAI UPeU Lima Biblioteca CRAI UPeU Lima Sala principal 2015-06-24 COMPRA 10.00
2022-07-06 5   262.14 W95 48638 e2 40.00 2015-06-24   Libros físicos perdido o baja hasta el 2023-12-13 Perdido Clasificación Decimal Dewey Restringido No disponible para préstamos Colección General Teología Biblioteca CRAI UPeU Lima Biblioteca CRAI UPeU Lima Sala principal 2015-06-24 COMPRA 35.00
2025-12-02 3   262.14 W95 50760 e3   2015-06-24   Libros físicos inventario-2023-12-13 No Perdido Clasificación Decimal Dewey No restringido Disponible para préstamos Colección General Teología Biblioteca CRAI UPeU Lima Biblioteca CRAI UPeU Lima Sala principal 2015-06-24 COMPRA